Chinese Dynasties - Statistics

General Stats
  • This quiz has been taken 31 times
  • The average score is 7 of 11
Answer Stats
Hint Answer % Correct
First unified State and Classic Qin
96%
Modern Age Ming
83%
Modern Age, last dynasty Qing
83%
Middle Ages Tang
74%
Modern Age (Mongol State) Yuan
74%
Classic Han
70%
Warring State Shang
57%
Warring State Zhou
57%
Warring State Xia
52%
Middle ages Sui
39%
Middle Ages Sung
13%
No matching quizzes found
Score Distribution
Percent of People with Each Score
Percentile by Number Answered
Your Score History
You have not taken this quiz